000 00281nam a2200121Ia 4500
005 20251222143108.0
008 251222s9999||||xx |||||||||||||| ||spa||
020 _a9972-879-03-08
082 _a362.29/A82
245 0 _aEl Mundo de la Droga:
264 _bHemisferio
942 _cLIB
999 _c11073
_d11073